000 00725nas a2200229 4500
001 BR8501651
003 BR-BrBNA
005 20231205090145.0
007 ta
008 230509b bl.|||p| |||| 00| 00por d
040 _aBR-BrBNA
_bpor
_cBiblioteca Nacional de Agricultura
041 _a(Pt)
072 _aH10
100 1 _aLago, I.C.S.
100 1 _aKaercher, F.R.
245 1 _aHemipteros de ocorrencia nas regioes encosta do sudeste, serra do sudeste, campanha e litoral do Rio Grande do Sul [Brasil]
650 _aHEMIPTERO
650 _aRIO GRANDE DO SUL
773 0 _tAgros (Brazil)
_xISSN 0365-2742
_g(1984), v. 19(1-4) p. 92-103
_wBR8501651
909 _a202311
_bLúcia
_c55
_dLúcia Elande
942 _2AGRIS
_n0
_cANA
999 _c116461
_d116461